Force & motion

Bibliographic Details
Main Author: Lafferty, Peter
Format: Book
Published: London : Dorling Kindersley , 1992
Series:Eyewitness science
Subjects:

MARC

LEADER 00000cam a2200000 7i4500
001 0000004440
002 000004773
005 20060209.0
020 |a 0863189067 
090 0 0 |a 500   |b EYE 
100 1 |a Lafferty, Peter 
245 1 0 |a Force & motion   |c Peter Lafferty 
260 |a London :   |b Dorling Kindersley ,   |c 1992 
300 |a 64 p. :   |b ill. ;   |c 28 cm. 
490 0 |a Eyewitness science 
650 0 0 |a Force and energy   |x Juvenile literature 
999 |a 030659   |b BUKU   |c JUNIOR BOOKS   |e PERPUSTAKAAN KOMUNITI PETALING JAYA